00392nam a2200109Ia 4500008004100000245014400041260004900185260000900234300001000243500001300253650001600266170224s9999 xx 000 0 und d aTrust your gut or think carefully? Examining whether an intuitive, versus a systematic, mode of thought produces greater empathic accuracy. bJournal of Personality and Social Psychology c2016 a111:5 aNovember xPsychology.